000 00991naa a22002657a 4500
001 BR9301816
003 BR-BrBNA
005 20240918181033.0
007 ta
008 230509b bl.||||| |||| 00| 0 por d
040 _aBR-BrBNA
_bpor
_cBiblioteca Nacional de Agricultura
041 _a(Pt)
072 _aU10; N10
090 _aU10 BR9301816
100 1 _aCosta, M.H.
111 1 _a22. Congresso Brasileiro de Engenharia Agricola
_cIlheus, BA (Brazil)
_d19-23 Jul 1993
245 1 _aPotencial de aplicacao da computacao grafica na engenharia agricola
260 3 _aIlheus, BA (Brasil):
_c1993.
500 _a22. Congresso Brasileiro de Engenharia Agricola. Anais Ilheus, BA (Brasil): 1993. v. 1 p. 600-605 (BR9301816-AM)U10
650 _aComputador
650 _aEngenharia Agricola
773 0 _t22. Congresso Brasileiro de Engenharia Agricola. Anais
_wU10 BR9301816
_gIlheus, BA (Brasil), 1993. v. 1 p. 600-605
909 _a202404
_bLucia
_c55
_dLucia Elande
942 _cAM
_2AGRIS
999 _c323325
_d323325